00985nam a2200253Ia 4500003000900000008004100009020001800050040001600068080002700084111007000111245020800181260005000389300001600439490003900455650004500494650002000539650001500559650002900574650003200603700001900635700002000654700001900674710003800693IN-BaIIA211028s9999 xx 000 0 eng d a0-7354-0148-9 cIIA Library a523.62-726(082.2)bSOL aInternational Solar Wind Conferencen10thcItalyd2002 June 17-21 0aSolar wind tenbproceedings of the tenth International solar wind conference, Pisa, Italy, 17-21 June 2002cedited by M. Velli, R. Bruno and F. Malara  aMelvillebAmerican Institute of Physicsc2003 axvii, 860p. aAIP conference proceedings; v. 679 aHeliosphere (Astrophysics) -- Congresses aKinetic physics aSolar wind aSolar wind -- Congresses aSpace plasmas -- Congresses aBruno, R., ed. aMalara, F., ed. aVelli, M., ed. aAmerican Institute of Physics